000 00599nam a22002297a 4500
008 150623b xxu||||| |||| 00| 0 eng d
020 _a978013209071
020 _a0132090716
041 0 _aeng
080 _a33
100 _aRobbins, Stephen P.
245 _aManagement /
_cStephen P. Robbins; Mary Coulter;
250 _a10th Edition
260 _aUSA:
_bPearson;
_c2009.
300 _a565 f.:
_bme il:;
_c26 cm.
505 _aOrganization Index: f. 547 - 549
505 _aGlindex: f. 551 - 563
650 0 _aMenaxhim
650 0 _aOrganizim
650 0 _aUdhëheqje
942 _2udc
_cBK
999 _c1068
_d1068